[Event "Montevideo Trebejos op 08"]
[Site "Montevideo"]
[Date "2021.08.20"]
[Round "1"]
[White "Tardugno, Mathias"]
[Black "Suarez, Juan"]
[Result "1-0"]
[WhiteElo "1851"]
[BlackElo "1573"]
[PlyCount "81"]
[EventDate "2021.08.20"]
[EventType "swiss"]
[EventRounds "5"]
[EventCountry "URU"]
[SourceTitle "CBM 204 Extra"]
[Source "ChessBase"]
[SourceDate "2021.11.30"]
[SourceVersion "1"]
[SourceVersionDate "2021.11.30"]
[SourceQuality "1"]

1. e4 c5 2. Nf3 g6 3. Bc4 Bg7 4. c3 Nc6 5. 0-0 Nf6 6. Re1 d6 7. d3 Bg4 8. h3 Bxf3 9. Qxf3 Ne5 10. Bb5+ Nfd7 11. Qg3 0-0 12. Ba4 c4 13. dxc4 Nb6 14. Bb3 Nexc4 15. Nd2 Nxd2 16. Bxd2 Nd7 17. Kh1 b5 18. f4 a5 19. Rad1 Nc5 20. Bc2 Qc7 21. h4 b4 22. e5 dxe5 23. fxe5 Nd7 24. Bf4 e6 25. h5 bxc3 26. bxc3 Nb6 27. h6 Bh8 28. Bg5 Nd5 29. Bb3 Qxc3 30. Rd3 Qc6 31. Bxd5 exd5 32. Qf3 f6 33. exf6 Bxf6 34. Qg4 Bxg5 35. Qxg5 Rf5 36. Qe7 Rf7 37. Qe5 Qc4 38. Rf3 Qh4+ 39. Kg1 Raf8 40. Rxf7 Rxf7 41. Qh8+ 1-0

[Event "URU-ch sf"]
[Site "Montevideo"]
[Date "2019.03.05"]
[Round "8"]
[White "Svarcas, Anibal"]
[Black "Tardugno, Mathias"]
[Result "0-1"]
[WhiteElo "1656"]
[BlackElo "1832"]
[PlyCount "114"]
[EventDate "2019.03.01"]
[EventType "swiss"]
[EventRounds "8"]
[EventCountry "URU"]
[SourceTitle "CBM 189 Extra"]
[Source "ChessBase"]
[SourceDate "2019.06.03"]
[SourceVersion "1"]
[SourceVersionDate "2019.06.03"]
[SourceQuality "1"]

1. e4 g6 2. d4 Bg7 3. Nf3 d5 4. e5 Bg4 5. Be2 Nc6 6. Be3 Nh6 7. c3 0-0 8. 0-0 f6 9. exf6 exf6 10. h3 Be6 11. Bd3 Nf5 12. Bd2 Nce7 13. Re1 Qd7 14. Na3 c6 15. Nc2 Rae8 16. Ne3 Nxe3 17. Bxe3 Nf5 18. Bd2 Nd6 19. b3 f5 20. Ne5 Qc7 21. f3 Nf7 22. f4 Nd6 23. Be3 Ne4 24. Bxe4 fxe4 25. Rf1 Qe7 26. Qe1 Bf6 27. a4 Bh4 28. g3 Bf6 29. g4 Bh4 30. Bf2 Bf6 31. Bg3 Bxe5 32. fxe5 Rxf1+ 33. Qxf1 Rf8 34. Qe1 Rf3 35. Ra2 h5 36. Rg2 hxg4 37. hxg4 Qg5 38. Bf2 Qf4 39. g5 Bh3 40. Rg3 e3 41. Qxe3 Rxe3 42. Rxe3 Bf5 43. b4 Qxg5+ 44. Rg3 Qc1+ 45. Kh2 Be4 46. Kh3 Kg7 47. Bg1 Qh6+ 48. Kg4 Qh5+ 49. Kf4 Qf5+ 50. Ke3 g5 51. Bf2 Qf4+ 52. Ke2 g4 53. a5 Bf3+ 54. Kf1 Qc1+ 55. Be1 Qc2 56. Rxf3 gxf3 57. Bf2 Qd1+ 0-1

[Event "URU-ch sf"]
[Site "Montevideo"]
[Date "2019.03.04"]
[Round "6"]
[White "Tardugno, Mathias"]
[Black "Larrea, Manuel"]
[Result "0-1"]
[WhiteElo "1832"]
[BlackElo "2264"]
[PlyCount "72"]
[EventDate "2019.03.01"]
[EventType "swiss"]
[EventRounds "8"]
[EventCountry "URU"]
[SourceTitle "CBM 189 Extra"]
[Source "ChessBase"]
[SourceDate "2019.06.03"]
[SourceVersion "1"]
[SourceVersionDate "2019.06.03"]
[SourceQuality "1"]

1. e4 c5 2. Nf3 Nc6 3. d4 cxd4 4. Nxd4 Nf6 5. Nc3 e5 6. Ndb5 d6 7. Na3 Be6 8. Bd3 d5 9. 0-0 Bxa3 10. bxa3 0-0 11. Bg5 Qa5 12. Bxf6 Qxc3 13. exd5 gxf6 14. dxe6 fxe6 15. Qg4+ Kh8 16. Rab1 f5 17. Qh5 b6 18. Rb3 Qc5 19. Bb5 Nd4 20. Rh3 Qe7 21. Ba4 b5 22. Bb3 Rg8 23. Re1 Rg5 24. Qd1 Rag8 25. Rg3 f4 26. Rxg5 Qxg5 27. g4 Qxg4+ 28. Qxg4 Rxg4+ 29. Kf1 Nf3 30. Rd1 Rg1+ 31. Ke2 Nd4+ 32. Kd2 Rxd1+ 33. Kxd1 Nxb3 34. axb3 e4 35. c4 bxc4 36. bxc4 Kg7 0-1

[Event "Montevideo Trebejos op 11"]
[Site "Montevideo"]
[Date "2017.11.17"]
[Round "5"]
[White "Tardugno, Mathias"]
[Black "Toledo, Javier"]
[Result "1/2-1/2"]
[WhiteElo "1795"]
[BlackElo "1884"]
[PlyCount "65"]
[EventDate "2017.11.08"]
[EventType "swiss"]
[EventRounds "7"]
[EventCountry "URU"]
[SourceTitle "CBM 181 Extra"]
[Source "ChessBase"]
[SourceDate "2017.12.12"]
[SourceVersion "1"]
[SourceVersionDate "2017.12.12"]
[SourceQuality "1"]

1. e4 c5 2. Nf3 Nc6 3. d4 cxd4 4. Nxd4 g6 5. Be3 Bg7 6. Nc3 Nf6 7. Be2 0-0 8. f4 d6 9. Qd2 Bd7 10. 0-0-0 Nxd4 11. Bxd4 Bc6 12. Bf3 Nd7 13. Bxg7 Kxg7 14. h4 Qa5 15. h5 f6 16. g4 g5 17. h6+ Kf7 18. Be2 Ke8 19. Rh5 Rc8 20. fxg5 Ne5 21. gxf6 Rxf6 22. Rf5 Rxf5 23. gxf5 b5 24. Kb1 b4 25. Nd5 Bxd5 26. exd5 Qc5 27. Rf1 Nc4 28. Bxc4 Qxc4 29. Rf4 Qc5 30. Qg2 Kd7 31. b3 Qe3 32. Qf1 Qd2 33. Qb5+ 1/2-1/2

[Event "Montevideo Trebejos op 11"]
[Site "Montevideo"]
[Date "2017.11.13"]
[Round "3"]
[White "Zaruski, Julio"]
[Black "Tardugno, Mathias"]
[Result "0-1"]
[WhiteElo "1829"]
[BlackElo "1795"]
[PlyCount "70"]
[EventDate "2017.11.08"]
[EventType "swiss"]
[EventRounds "7"]
[EventCountry "URU"]
[SourceTitle "CBM 181 Extra"]
[Source "ChessBase"]
[SourceDate "2017.12.12"]
[SourceVersion "1"]
[SourceVersionDate "2017.12.12"]
[SourceQuality "1"]

1. g3 e5 2. Bg2 Nf6 3. c4 c6 4. Nc3 Bc5 5. e3 0-0 6. Nge2 d5 7. d4 exd4 8. Nxd4 dxc4 9. 0-0 Bxd4 10. exd4 Nd5 11. Qh5 f5 12. Bg5 Qd6 13. Rae1 Be6 14. Qe2 Nxc3 15. bxc3 Re8 16. Bf4 Qd7 17. Qh5 Qf7 18. Qd1 Nd7 19. Re3 Nf6 20. Rfe1 Bd5 21. Rxe8+ Rxe8 22. Rxe8+ Qxe8 23. Be5 Bxg2 24. Kxg2 Qe6 25. f3 Nd5 26. Qd2 Qe7 27. h4 b5 28. h5 h6 29. g4 fxg4 30. fxg4 Qg5 31. Qxg5 hxg5 32. Kf3 Nxc3 33. a3 Nd5 34. Ke4 Kf7 35. Bd6 a5 0-1

[Event "Montevideo Bouza Memorial"]
[Site "Montevideo"]
[Date "2017.07.26"]
[Round "6"]
[White "Rodriguez Lazo, Luis A"]
[Black "Tardugno, Mathias"]
[Result "1-0"]
[WhiteElo "1850"]
[BlackElo "1773"]
[PlyCount "35"]
[EventDate "2017.07.12"]
[EventType "swiss"]
[EventRounds "7"]
[EventCountry "URU"]
[SourceTitle "EXT 2018"]
[Source "ChessBase"]
[SourceDate "2017.10.13"]
[SourceVersion "1"]
[SourceVersionDate "2017.10.13"]
[SourceQuality "1"]

1. d4 d6 2. e4 g6 3. Nc3 Bg7 4. Nf3 Nf6 5. h3 0-0 6. Be3 Nbd7 7. Qd2 e5 8. dxe5 Nxe5 9. Nxe5 dxe5 10. Bd3 Be6 11. Bh6 Nh5 12. Ne2 c5 13. b3 a5 14. g4 Nf6 15. Ng3 a4 16. Nf5 gxf5 17. gxf5 Bd7 18. Rg1 1-0

[Event "Montevideo Bouza Memorial"]
[Site "Montevideo"]
[Date "2017.07.14"]
[Round "2"]
[White "Rodriguez Farias, Victor Hugo"]
[Black "Tardugno, Mathias"]
[Result "1-0"]
[WhiteElo "1844"]
[BlackElo "1773"]
[PlyCount "47"]
[EventDate "2017.07.12"]
[EventType "swiss"]
[EventRounds "7"]
[EventCountry "URU"]
[SourceTitle "EXT 2018"]
[Source "ChessBase"]
[SourceDate "2017.10.13"]
[SourceVersion "1"]
[SourceVersionDate "2017.10.13"]
[SourceQuality "1"]

1. d4 d6 2. Bf4 g6 3. Nc3 Bg7 4. Nf3 Nf6 5. Qd2 Bg4 6. 0-0-0 Nbd7 7. Ng5 h6 8. Nxf7 Kxf7 9. f3 Bh5 10. g4 g5 11. gxh5 Nxh5 12. Bg3 Nxg3 13. hxg3 e6 14. e4 Nb6 15. f4 Rf8 16. e5 Kg8 17. Bd3 dxe5 18. dxe5 gxf4 19. gxf4 Qe7 20. Qg2 Qf7 21. Rdf1 Nd5 22. Nxd5 exd5 23. Rxh6 Qe7 24. Qg6 1-0

[Event "Montevideo Bouza Memorial"]
[Site "Montevideo"]
[Date "2017.07.12"]
[Round "1"]
[White "Tardugno, Mathias"]
[Black "Guerrero, Alvaro"]
[Result "0-1"]
[WhiteElo "1773"]
[BlackElo "2079"]
[PlyCount "80"]
[EventDate "2017.07.12"]
[EventType "swiss"]
[EventRounds "7"]
[EventCountry "URU"]
[SourceTitle "EXT 2018"]
[Source "ChessBase"]
[SourceDate "2017.10.13"]
[SourceVersion "1"]
[SourceVersionDate "2017.10.13"]
[SourceQuality "1"]

1. b3 f5 2. Nc3 Nf6 3. Nf3 g6 4. e3 Bg7 5. d4 0-0 6. Bd3 d6 7. 0-0 c6 8. e4 fxe4 9. Nxe4 Nxe4 10. Bxe4 Bg4 11. h3 Bxf3 12. Bxf3 Nd7 13. c3 e5 14. Be3 Qe7 15. c4 e4 16. Bg4 h5 17. Bxd7 Qxd7 18. Qc2 Rae8 19. Rae1 d5 20. f3 exf3 21. Qxg6 dxc4 22. bxc4 Re6 23. Qxh5 Qe7 24. Bf2 fxg2 25. Kxg2 Rxf2+ 26. Kxf2 Bxd4+ 27. Kf3 Rxe1 28. Qg4+ Bg7 29. Rxe1 Qxe1 30. Qc8+ Kh7 31. Qf5+ Kh6 32. Qf4+ Kg6 33. Qg4+ Kf7 34. Qf5+ Ke7 35. Qc5+ Ke6 36. Qxa7 Qf1+ 37. Kg3 Be5+ 38. Kg4 Qg2+ 39. Kh4 Kf5 40. Qe3 Bf6+ 0-1

[Event "URU-chTB"]
[Site "Uruguay"]
[Date "2017.07.07"]
[Round "1.1"]
[White "Kulik, Nicolas"]
[Black "Tardugno, Mathias"]
[Result "1/2-1/2"]
[WhiteElo "1291"]
[BlackElo "1773"]
[PlyCount "104"]
[EventDate "2017.07.07"]
[EventType "team-swiss"]
[EventRounds "5"]
[EventCountry "URU"]
[SourceTitle "EXT 2018"]
[Source "ChessBase"]
[SourceDate "2017.10.13"]
[SourceVersion "1"]
[SourceVersionDate "2017.10.13"]
[SourceQuality "1"]
[WhiteTeam "La Proa  J III"]
[BlackTeam "Udelar"]
[WhiteTeamCountry "URU"]
[BlackTeamCountry "URU"]

1. d4 g6 2. c4 Bg7 3. Nc3 Nf6 4. Nf3 d6 5. Bf4 Nbd7 6. e4 0-0 7. Bd3 c5 8. d5 Ng4 9. 0-0 Nge5 10. Be2 b6 11. Qc2 Ba6 12. b3 Nxf3+ 13. Bxf3 Ne5 14. Be2 Bc8 15. Rad1 a6 16. a4 h6 17. Rfe1 g5 18. Bg3 Ng6 19. Bh5 Ne5 20. Qd2 Ng6 21. Rf1 Kh7 22. Ne2 f5 23. exf5 Bxf5 24. f4 Nxf4 25. Nxf4 gxf4 26. Bxf4 Rf6 27. Rde1 Ra7 28. g4 Bg6 29. g5 hxg5 30. Bxg6+ Rxg6 31. Bxg5 Bf6 32. Rf5 Qg8 33. h4 Be5 34. Kh1 e6 35. dxe6 Qxe6 36. Ref1 Qg8 37. h5 Rgg7 38. Rf8 Rxg5 39. Rxg8 Rxh5+ 40. Kg1 Kxg8 41. Qd5+ Kg7 42. Qg2+ Kh7 43. Qe4+ Kh6 44. Rf8 Rg7+ 45. Kf1 Rg6 46. Qe3+ Kg7 47. Qf3 Rhg5 48. Qf7+ Kh6 49. Qf3 Rg1+ 50. Kf2 Bd4+ 51. Ke2 R6g2+ 52. Kd3 Rg3 1/2-1/2